000 00593nam a2200205Ia 4500
001 8679
003 GE_BSU
008 181216s||||||||xx |||||||||||||| ||und||
040 _cGE_BSU
080 _a821.353.1-32
100 _aიოსელიანი,ივ.
245 _aმოთხრობები
245 _cწინასიტყვ.ავტ:ვ.წულუკიძე
260 _aთბილისი.
260 _bსაბჭ.მწერალი.
260 _c1946.
300 _a158გვ;20სმ.
653 _aმოთხრობები
942 _cBK
999 _c41993
_d41993